| 000 | 00422nam a22001697a 4500 | ||
|---|---|---|---|
| 003 | MPLRDC | ||
| 005 | 20220104151129.0 | ||
| 008 | 210129b ||||| |||| 00| 0 eng d | ||
| 082 | _a411.7 SXFNT | ||
| 100 | _a圣喜发难陀 | ||
| 245 |
_a印度瑜伽术 _c超悟发师译 |
||
| 250 | _a第一版 | ||
| 260 |
_a _b华联出版社 _c1975 |
||
| 300 | _b平 | ||
| 650 | _a身体活动--瑜珈 | ||
| 942 |
_cBK _o411.7 SXFNT |
||
| 999 |
_c52214 _d52204 |
||